Tradiciones peruanas : (Registro nro. 258)

Detalles MARC
000 -Cabecera
Campo de control interno 00862nam a2200217Ia 4500
005 - Fecha y hora del registro
control field 20251205091907.0
008 - Elementos de Longitud Fija
fixed length control field 251203t1998||||xx |||||||||||||| ||spa||
020 ## - ISBN
ISBN 8449406889
041 ## - Idioma
Codigo Idioma ESP
082 ## - DEWEY y NOTACIÓN INTERNA
Dewey 869.56
Notación Interna P19T
100 ## - AUTOR
Autor denominación Palma, Ricardo,
Títulos y otras palabras asociadas con el nombre AUT
245 #0 - TÍTULO DE MATERIAL BIBLIOGRÁFICO
Título Tradiciones peruanas :
Título paralelo Volúmenes 1-3
260 ## - CIUDAD, EDITORIAL, AÑO
Ciudad Barcelona :
Nombre de la Editorial Océano Grupo Editorial,
Año 1998
300 ## - DESCRIPCIÓN
N° Páginas 672 páginas :
Otros detalles láminas, ilustraciones ;
Dimensiones 25 cm.
505 ## - TABLA DE CONTENIDO
Tabla de Contenido Contiene: Volumen 1. Con láminas inéditas, reproducidas en color, de Pancho Fierro. Incluye las monografías: Ricardo Palma, el tradicionista y Pancho Fierro, acuarelista limeño por Angélica Palma; Volumen 2-3: Con láminas inéditas, reproducidas en color, de Pancho Fierro.
650 ## - TEMAS
Temas Literatura
653 ## - DESCRIPTORES
Lenguajes no controlado Literatura peruana - Siglo XX
654 ## - PROGRAMAS
Programa Todos los programas
942 ## - ELEMENTOS DE KOHA
Tipo de documento Libro
Nombre del creador Justo Noguera
Código de catalogador Margarita Torres
Esquema de clasificación Dewey Decimal Classification
Existencias
Codigo completo Registro Colección Copia número Disponibilidad Tipo de préstamo Biblioteca Actual Procedencia (Biblioteca) Ubicacón Fecha Ingreso Tipo de Adquisición Date last seen Total checkouts Price effective from Tipo de Item Estado del Material Fuente de Clasificación Damaged status Withdrawn status
869.56 P19T 1085131 Colección Vera Bejar 1   Restringido Víctor Andrés Belaunde Víctor Andrés Belaunde Planta baja cerrada 03/12/2025 Donación 03/12/2025   03/12/2025 Libro Bueno Dewey Decimal Classification   Withdrawn